[Event "XXX Festival A"]
[Site "Arco ITA"]
[Date "2008.10.21"]
[Round "4"]
[White "Vezzosi, Paolo"]
[Black "Bernardi, Ruben"]
[Result "1-0"]
[WhiteElo "2337"]
[BlackElo "2154"]
[PlyCount "83"]
[EventDate "2008.10.18"]

1. d4 Nf6 2. c4 c5 3. d5 b5 4. cxb5 a6 5. bxa6 g6 6. g3 d6 7. Bg2 Bg7 8. Nf3
O-O 9. O-O Bxa6 10. Nc3 Nbd7 11. Qc2 Qa5 12. Bd2 Rfb8 13. Rfd1 Ng4 14. Rab1
Nge5 15. b3 Nxf3+ 16. exf3 Ne5 17. Na4 Bd3 18. Qxd3 Qxa4 19. Qe2 Qa6 20. Qe4
Ra7 21. f4 Ng4 22. a4 Bd4 23. Be1 Rb4 24. Qf3 Nxf2 25. Bxf2 Bxf2+ 26. Qxf2 Qb6
27. Qe3 Qb8 28. Bf1 Rab7 29. Bb5 Qf8 30. Qc3 Qh6 31. Bc4 Ra7 32. Re1 Qh3 33.
Rb2 h5 34. Rbe2 Rbb7 35. a5 Qc8 36. a6 Rc7 37. Qd3 Kg7 38. Kg2 Qh8 39. f5 g5
40. f6+ exf6 41. Re8 Qh6 42. Rb8 1-0

[Event "XXX Festival A"]
[Site "Arco ITA"]
[Date "2008.10.21"]
[Round "4"]
[White "Von Wantoch, Markus"]
[Black "Fragni, Enrico"]
[Result "0-1"]
[WhiteElo "1922"]
[BlackElo "1784"]
[PlyCount "74"]
[EventDate "2008.10.18"]

1. e4 c6 2. d4 d6 3. f4 Nf6 4. Nc3 Bg4 5. Nf3 Qc7 6. e5 Nfd7 7. Bd3 e6 8. Ne4
h6 9. Be3 Be7 10. O-O Nb6 11. h3 Bh5 12. Ng3 Bxf3 13. Qxf3 g6 14. c4 d5 15. c5
N6d7 16. Qe2 a5 17. Qd2 h5 18. Ne2 b5 19. cxb6 Qxb6 20. Rac1 Na6 21. a3 c5 22.
Bxa6 Rxa6 23. dxc5 Bxc5 24. Rxc5 Nxc5 25. Qc2 O-O 26. Bxc5 Qc7 27. b4 axb4 28.
axb4 Rfa8 29. Rb1 Ra2 30. Rb2 Ra1+ 31. Kf2 Qd8 32. g3 d4 33. Bd6 Rc8 34. Qd3
Qb6 35. Qxd4 Qb7 36. Rd2 Qh1 37. Bc5 Rf1+ 0-1

[Event "XXX Festival A"]
[Site "Arco ITA"]
[Date "2008.10.21"]
[Round "4"]
[White "Vuelban, Virgilio"]
[Black "Grigore, George-Gabriel"]
[Result "1/2-1/2"]
[WhiteElo "2390"]
[BlackElo "2519"]
[PlyCount "118"]
[EventDate "2008.10.18"]

1. d4 Nf6 2. c4 g6 3. Nc3 Bg7 4. e4 d6 5. Nf3 O-O 6. Be2 e5 7. O-O Nh5 8. Bg5
f6 9. Be3 Nf4 10. Bxf4 exf4 11. Qd2 g5 12. h3 c5 13. Rad1 Nc6 14. dxc5 dxc5 15.
Qd5+ Qxd5 16. exd5 Na5 17. Bd3 Bd7 18. Ne4 b6 19. b3 Nb7 20. Rfe1 Rfe8 21. Ned2
Nd6 22. Rxe8+ Rxe8 23. Re1 Rxe1+ 24. Nxe1 f5 25. Kf1 Kf7 26. Ke2 h5 27. Bc2 Kf6
28. Nd3 Bh6 29. f3 Nf7 30. a3 Ne5 31. b4 Nxd3 32. Kxd3 Bf8 33. b5 g4 34. Ke2
Kg5 35. Kf1 Kh4 36. hxg4 fxg4 37. Ne4 Bg7 38. Kg1 gxf3 39. gxf3 Kh3 40. Bd3 Be5
41. Bf1+ Kh4 42. Kh2 Bf5 43. Bd3 Bxe4 44. Bxe4 Kg5 45. Kh3 Bd6 46. Bd3 Be7 47.
Be4 Kh6 48. Bd3 Kg7 49. Be4 Kf7 50. d6 Bxd6 51. Kh4 Kf6 52. Kxh5 Ke5 53. Kg4
Kd4 54. Bd5 Kc3 55. Kf5 Kb3 56. Ke6 Bf8 57. Kd7 Kxa3 58. Kc7 Kb4 59. Kb7 Ka5
1/2-1/2

[Event "XXX Festival A"]
[Site "Arco ITA"]
[Date "2008.10.21"]
[Round "4"]
[White "Wohl, Aleksandar H."]
[Black "Llaneza Vega, Marcos"]
[Result "0-1"]
[WhiteElo "2362"]
[BlackElo "2485"]
[PlyCount "102"]
[EventDate "2008.10.18"]

1. d4 Nf6 2. Nf3 g6 3. c3 Bg7 4. Bg5 d6 5. Nbd2 O-O 6. e4 c5 7. dxc5 dxc5 8.
Bc4 Nc6 9. O-O Ng4 10. Qc2 Qc7 11. Bh4 Nge5 12. Bg3 Nxf3+ 13. Nxf3 Qb6 14. h3
Na5 15. Be2 Be6 16. Ng5 Bc4 17. e5 Rad8 18. Rfe1 h6 19. Nf3 Be6 20. Qa4 a6 21.
Bf4 Nc6 22. b3 Qc7 23. Qe4 Qa5 24. Qe3 g5 25. Bg3 Rd7 26. h4 g4 27. Nh2 h5 28.
f3 c4 29. b4 Qa3 30. Bf4 Rfd8 31. Bh6 Bxh6 32. Qxh6 Nxe5 33. Bd3 Rxd3 34. Rxe5
R8d5 35. Qg5+ Kf8 36. Qxh5 Kg8 37. Qg5+ Kf8 38. Qh5 Ke8 39. Rxd5 Rxd5 40. Qh8+
Kd7 41. Nxg4 f6 42. Qb8 Qxc3 43. Qxb7+ Ke8 44. Rf1 Qd4+ 45. Nf2 Qxh4 46. Re1
Rd6 47. Qc7 Qd4 48. Qb8+ Kf7 49. Qh8 c3 50. Qh5+ Kg7 51. Re4 c2 0-1

[Event "XXX Festival A"]
[Site "Arco ITA"]
[Date "2008.10.21"]
[Round "4"]
[White "Zenatto, Giuliano"]
[Black "Bonini, Roberto"]
[Result "1-0"]
[WhiteElo "1762"]
[BlackElo "1843"]
[PlyCount "119"]
[EventDate "2008.10.18"]

1. Nf3 d5 2. c4 c6 3. b3 Nf6 4. Bb2 Bf5 5. Nc3 h6 6. g3 e6 7. Bg2 Be7 8. O-O
O-O 9. Rc1 Nbd7 10. cxd5 exd5 11. h3 Ne4 12. d3 Nxc3 13. Bxc3 Bf6 14. Bxf6 Nxf6
15. Qd2 Qd7 16. Kh2 Rfe8 17. e3 Rad8 18. Rc2 Qe7 19. Rfc1 Nd7 20. b4 a6 21. a4
Ne5 22. Nxe5 Qxe5 23. Rc5 Qf6 24. b5 axb5 25. axb5 Bd7 26. bxc6 Bxc6 27. d4 Ra8
28. Kg1 Qd6 29. Qc3 Ra6 30. Ra5 Rea8 31. Rca1 Rxa5 32. Rxa5 Rxa5 33. Qxa5 Qb8
34. Qb6 Qa8 35. Qb2 Qa5 36. Bf1 b5 37. Bd3 b4 38. Qc2 Qb6 39. Qc5 Qb7 40. Qa5
g6 41. Qa6 Kf8 42. Qxb7 Bxb7 43. Bc2 Ba6 44. f4 Ke7 45. Kf2 Kd6 46. Ke1 Bc4 47.
Kd2 Kc6 48. e4 Ba2 49. Ba4+ Kb6 50. e5 Ka5 51. Be8 Bc4 52. Kc2 b3+ 53. Kb2 Kb4
54. Bxf7 Bf1 55. e6 Bxh3 56. e7 Bd7 57. e8=Q Bxe8 58. Bxe8 Kc4 59. Bxg6 Kxd4
60. Kxb3 1-0

[Event "XXX Festival A"]
[Site "Arco ITA"]
[Date "2008.10.21"]
[Round "4"]
[White "Zordan, Diego"]
[Black "Pivovarov, Michail"]
[Result "1/2-1/2"]
[WhiteElo "1846"]
[BlackElo "1963"]
[PlyCount "68"]
[EventDate "2008.10.18"]

1. d4 d5 2. Nf3 Nf6 3. Bg5 e6 4. e3 c5 5. c3 Nc6 6. Nbd2 Be7 7. Bd3 Qb6 8. Qc2
c4 9. Be2 O-O 10. O-O Re8 11. b3 cxb3 12. axb3 Bd7 13. Rfc1 Rac8 14. c4 Nb4 15.
Qb1 a5 16. Ne5 Bc6 17. Bh5 g6 18. Be2 Nd7 19. c5 Qd8 20. Bxe7 Rxe7 21. Ndf3 Nf6
22. Bd3 Nxd3 23. Qxd3 Ne4 24. Nd2 Nf6 25. Qc3 Ra8 26. Ra3 Nd7 27. Nxc6 bxc6 28.
Rca1 e5 29. Rxa5 Rxa5 30. Qxa5 Qxa5 31. Rxa5 exd4 32. exd4 Re2 33. Nf3 Rb2 34.
g3 Rxb3 1/2-1/2

[Event "XXX Festival A"]
[Site "Arco ITA"]
[Date "2008.10.21"]
[Round "4"]
[White "Zucchelli, Massimo"]
[Black "Stolfa, Rodolfo"]
[Result "1-0"]
[WhiteElo "2145"]
[BlackElo "1912"]
[PlyCount "149"]
[EventDate "2008.10.18"]

1. d4 d5 2. c4 e6 3. Nc3 Nf6 4. cxd5 exd5 5. Bg5 c6 6. e3 Bb4 7. Bd3 h6 8. Bh4
Be6 9. Nge2 Nbd7 10. O-O O-O 11. f3 Be7 12. Qc2 Ne8 13. Bf2 Bd6 14. e4 Nb6 15.
e5 Be7 16. f4 f5 17. Na4 Nxa4 18. Qxa4 Qb6 19. Qc2 g6 20. Nc3 Ng7 21. Na4 Qd8
22. Be3 Rf7 23. Kh1 Qf8 24. a3 Bc8 25. b4 Ne6 26. Nc5 Bxc5 27. bxc5 Ng7 28. a4
Ne6 29. Rab1 Qd8 30. Qc3 Qc7 31. a5 Rb8 32. Rf2 Ra8 33. h3 Qe7 34. Kh2 Ng7 35.
Rfb2 Qh4 36. g3 Qe7 37. Qd2 Ne6 38. Qf2 Qd8 39. Qe1 Qe7 40. Rg2 h5 41. Kg1 Kf8
42. Qf2 Ng7 43. Be2 Ke8 44. Rf1 Be6 45. Qe1 Kd7 46. Qb4 Ke8 47. Bd3 Rd8 48. Qb1
Qc7 49. Qe1 Kd7 50. Bd2 Kc8 51. a6 b5 52. Ba5 Qe7 53. Bxd8 Kxd8 54. g4 Kc7 55.
gxh5 gxh5 56. Kh2 Bc8 57. Rfg1 Ne6 58. Qf2 Bxa6 59. Ra1 Kb7 60. Qa2 Nc7 61. Rg5
Qe6 62. Qb1 Qh6 63. h4 Ka8 64. Bxf5 Qf8 65. Qg1 Bc8 66. Rg8 Bxf5 67. Rxf8+ Rxf8
68. Qg7 Rc8 69. Qf6 Bd7 70. Qd6 Be8 71. e6 Kb7 72. f5 a6 73. f6 Bg6 74. f7 Nxe6
75. Qxe6 1-0

[Event "XXX Festival A"]
[Site "Arco ITA"]
[Date "2008.10.22"]
[Round "5"]
[White "Ager, Josef"]
[Black "Zucchelli, Massimo"]
[Result "0-1"]
[WhiteElo "2231"]
[BlackElo "2145"]
[PlyCount "101"]
[EventDate "2008.10.18"]

1. Nf3 d5 2. g3 c6 3. Bg2 Bg4 4. O-O Nd7 5. b3 Ngf6 6. d3 e5 7. c4 Bd6 8. Bb2
O-O 9. Nbd2 Qe7 10. h3 Bh5 11. Nh4 Bg6 12. a3 a5 13. Nxg6 hxg6 14. e4 d4 15. f4
Nh5 16. Qg4 Nc5 17. Rf3 exf4 18. b4 axb4 19. axb4 Rxa1+ 20. Bxa1 Ne6 21. c5 Bc7
22. gxf4 Bxf4 23. Nc4 Ra8 24. Rf1 Qc7 25. Bf3 Bh2+ 26. Kg2 Ra2+ 27. Bb2 Be5 28.
Rd1 Bf4 29. Kf1 Be3 30. e5 Bf4 31. Ke2 Bxe5 32. Kd2 Bf4+ 33. Kc2 Nf6 34. Qg1
Ra8 35. Kb3 Bh2 36. Qf1 Nd5 37. Bxd5 cxd5 38. Nb6 Rd8 39. Qg2 Qg3 40. Qxg3 Bxg3
41. Ra1 f5 42. Rf1 Bc7 43. Na4 Kf7 44. b5 Be5 45. Kb4 Ra8 46. Bc1 Rh8 47. Nb6
Rxh3 48. Re1 Bg3 49. Rf1 Rh8 50. Nxd5 Rc8 51. Rg1 0-1

[Event "XXX Festival A"]
[Site "Arco ITA"]
[Date "2008.10.22"]
[Round "5"]
[White "Antoniacci, Riccardo"]
[Black "Prelati, Maurizio"]
[Result "0-1"]
[WhiteElo "1893"]
[BlackElo "2135"]
[PlyCount "58"]
[EventDate "2008.10.18"]

1. e4 c5 2. Nf3 d6 3. d4 cxd4 4. Nxd4 Nf6 5. Nc3 a6 6. f4 Qc7 7. a4 g6 8. Be2
b6 9. Be3 Bg7 10. Bf3 Bb7 11. Qd2 Nbd7 12. Nde2 Rc8 13. O-O O-O 14. g4 e6 15.
Rad1 d5 16. e5 Ne8 17. g5 Bh8 18. Nd4 Nb8 19. Bg4 Ng7 20. Qf2 Qc4 21. Rd3 Nd7
22. Nb3 Nxe5 23. Rd4 Nxg4 24. Qf3 Nxe3 25. Rxc4 Nxc4 26. h4 Nh5 27. f5 exf5 28.
Nxd5 Bxd5 29. Qxd5 Ne3 0-1

[Event "XXX Festival A"]
[Site "Arco ITA"]
[Date "2008.10.22"]
[Round "5"]
[White "Arakhamia-Grant, Ketevan"]
[Black "Drazic, Sinisa"]
[Result "1-0"]
[WhiteElo "2448"]
[BlackElo "2528"]
[PlyCount "85"]
[EventDate "2008.10.18"]

1. e4 g6 2. d4 Bg7 3. Nc3 a6 4. Be3 d6 5. Nf3 Nd7 6. Bd3 e6 7. Qd2 h6 8. O-O
Ne7 9. h3 g5 10. Nh2 Ng6 11. Ne2 e5 12. c3 Nf4 13. Ng3 Nf6 14. Rad1 Be6 15.
Rfe1 O-O 16. Bf1 Qc8 17. Qc2 Re8 18. d5 Bd7 19. c4 c6 20. dxc6 Qxc6 21. f3 d5
22. exd5 N6xd5 23. Bf2 b5 24. Ne4 bxc4 25. Qxc4 Red8 26. Nc5 Nb6 27. Qb3 e4 28.
Nxe4 Nbd5 29. Rd2 Rab8 30. Qc4 Rxb2 31. Rxb2 Bxb2 32. Qxc6 Bxc6 33. g3 Ne6 34.
Bxa6 Nc3 35. Nxc3 Bxc3 36. Rc1 Ra8 37. Bc4 Ra3 38. Bxe6 fxe6 39. Bc5 Rxa2 40.
Rxc3 Ra1+ 41. Kg2 h5 42. Rc2 Bd5 43. Be3 1-0

[Event "XXX Festival A"]
[Site "Arco ITA"]
[Date "2008.10.22"]
[Round "5"]
[White "Barlocco, Carlo"]
[Black "Wohl, Aleksandar H."]
[Result "1-0"]
[WhiteElo "2144"]
[BlackElo "2362"]
[PlyCount "120"]
[EventDate "2008.10.18"]

1. d4 d5 2. c4 e6 3. Nf3 c5 4. e3 Nf6 5. Nc3 Nc6 6. cxd5 exd5 7. Bb5 a6 8.
Bxc6+ bxc6 9. O-O Bd6 10. dxc5 Bxc5 11. e4 O-O 12. Bg5 Be7 13. exd5 cxd5 14.
Nd4 Qd6 15. Qd2 Ne4 16. Bxe7 Qxe7 17. Qe3 Qb7 18. b3 Bd7 19. Rfd1 Nf6 20. Rac1
a5 21. a4 Qb4 22. h3 Rfe8 23. Qd3 Rac8 24. Nce2 h6 25. Rxc8 Rxc8 26. Rc1 Rxc1+
27. Nxc1 Qa3 28. Qe3 Ne4 29. Nce2 Qb4 30. Nf4 Qc5 31. f3 Nf6 32. Nfe2 Qb4 33.
Qc3 Qb6 34. Kh1 Kf8 35. Nf4 Kg8 36. Nd3 Nh5 37. g4 Nf6 38. Qc5 Qa6 39. Nb5 d4
40. Ne5 Be6 41. Qxd4 Qc8 42. Nc4 Bd5 43. Kg2 Qe6 44. Nc3 Bxc4 45. bxc4 h5 46.
g5 Nd7 47. Qe4 Qb6 48. Nd5 Qb2+ 49. Kg3 Ne5 50. Ne7+ Kf8 51. Nf5 Kg8 52. c5 Qa1
53. Qe3 Nc4 54. Qd4 Qe1+ 55. Kf4 Qc1+ 56. Ne3 Nxe3 57. Qxe3 Qc4+ 58. Ke5 Qxa4
59. Kd6 Qd1+ 60. Kc7 a4 1-0

[Event "XXX Festival A"]
[Site "Arco ITA"]
[Date "2008.10.22"]
[Round "5"]
[White "Battiston, Claudio"]
[Black "Perich, Stefano"]
[Result "1/2-1/2"]
[WhiteElo "2027"]
[BlackElo "1960"]
[PlyCount "68"]
[EventDate "2008.10.18"]

1. e4 d6 2. d4 g6 3. Nc3 Bg7 4. Be3 Nc6 5. Qd2 a6 6. d5 Nb8 7. O-O-O c5 8. dxc6
bxc6 9. Bc4 Nd7 10. f4 Qc7 11. Nf3 h6 12. Rhe1 Nb6 13. Bb3 Bb7 14. Bd4 Kf8 15.
Bxg7+ Kxg7 16. Qd4+ f6 17. Be6 Bc8 18. f5 Bxe6 19. fxe6 Rb8 20. Nh4 Qc8 21. Qd3
Qxe6 22. Qg3 Qf7 23. Nf5+ Kh7 24. Nd4 Rc8 25. Qf3 c5 26. Nb3 Nc4 27. Qe2 h5 28.
Nd5 Ne5 29. Qxa6 Nh6 30. Qa7 Rhe8 31. Nb6 Rb8 32. Na5 Qe6 33. Rd5 Nhf7 34. h3
Kg8 1/2-1/2

[Event "XXX Festival A"]
[Site "Arco ITA"]
[Date "2008.10.22"]
[Round "5"]
[White "Bernardi, Ruben"]
[Black "Niccoli, Paolo"]
[Result "1/2-1/2"]
[WhiteElo "2154"]
[BlackElo "1898"]
[PlyCount "74"]
[EventDate "2008.10.18"]

1. e4 c5 2. Nf3 Nc6 3. d4 cxd4 4. Nxd4 g6 5. c4 Bg7 6. Be3 Nf6 7. Nxc6 bxc6 8.
Nc3 d6 9. Be2 O-O 10. O-O Be6 11. Kh1 Qa5 12. a3 c5 13. f4 Rab8 14. Qc2 Ng4 15.
Bd2 f5 16. h3 Nf6 17. e5 dxe5 18. fxe5 Nd7 19. Nd5 Qd8 20. Nf4 Qb6 21. Ba5 Qxa5
22. Nxe6 Bxe5 23. b4 cxb4 24. axb4 Qxb4 25. Rab1 Qd6 26. Nxf8 Rxb1 27. Rxb1
Kxf8 28. Rd1 Bd4 29. Qd2 e5 30. Rb1 Nc5 31. Bf3 e4 32. Rd1 Nd3 33. Rf1 Qg3 34.
Bxe4 Be5 35. Qh6+ Bg7 36. Qd2 Be5 37. Qh6+ Bg7 1/2-1/2

[Event "XXX Festival A"]
[Site "Arco ITA"]
[Date "2008.10.22"]
[Round "5"]
[White "Bertani, Gianfranco"]
[Black "De Santis, Alessio"]
[Result "1/2-1/2"]
[WhiteElo "2106"]
[BlackElo "2263"]
[PlyCount "129"]
[EventDate "2008.10.18"]

1. Nf3 g6 2. d4 Bg7 3. h3 b6 4. e4 Bb7 5. Bd3 d6 6. c3 Nd7 7. Bg5 h6 8. Bh4 g5
9. Bg3 e6 10. Nbd2 Ne7 11. Qe2 a6 12. O-O Ng6 13. Qe3 e5 14. dxe5 dxe5 15. Rfd1
Qe7 16. b4 Bf6 17. Nh2 h5 18. f3 Nf4 19. Ndf1 Nf8 20. Bc4 N8g6 21. Qe1 Bc8 22.
Ne3 Rg8 23. Kh1 Kf8 24. Rd2 Kg7 25. Rad1 Re8 26. Bd5 Ra7 27. Bc6 Rh8 28. Bd7
Bxd7 29. Rxd7 Qe8 30. Nhf1 Nf8 31. Nf5+ Kg8 32. R7d2 Qc6 33. N1e3 Ra8 34. Bxf4
exf4 35. Nd5 Re8 36. c4 Bd8 37. Rc2 Ne6 38. Qc3 Rh7 39. Qd3 Qa4 40. e5 c6 41.
Nf6+ Bxf6 42. exf6 Qxb4 43. Qd7 Rf8 44. Qxc6 g4 45. Rcd2 Qc3 46. Ne7+ Kh8 47.
Nd5 Qe5 48. Qxb6 Rh6 49. Qb1 Rg6 50. Re1 Qg5 51. Ne7 Rxf6 52. Qa1 Kh7 53. Rd5
Qh4 54. Ree5 Ng7 55. Rg5 Rg6 56. Nxg6 fxg6 57. fxg4 f3 58. Rd7 fxg2+ 59. Kh2
g1=Q+ 60. Kxg1 Qg3+ 61. Kh1 Qxh3+ 62. Kg1 Qe3+ 63. Kh1 Qe4+ 64. Kg1 Qe3+ 65.
Kh1 1/2-1/2

[Event "XXX Festival A"]
[Site "Arco ITA"]
[Date "2008.10.22"]
[Round "5"]
[White "Blasco, Domenico"]
[Black "Cottarelli, Franco"]
[Result "1/2-1/2"]
[WhiteElo "2022"]
[BlackElo "1899"]
[PlyCount "56"]
[EventDate "2008.10.18"]

1. d4 f5 2. g3 Nf6 3. Bg2 g6 4. c4 Bg7 5. b3 d6 6. Bb2 O-O 7. Nf3 Qe8 8. O-O c6
9. Qc2 Na6 10. Nbd2 h6 11. Rfe1 g5 12. e4 fxe4 13. Nxe4 Nxe4 14. Qxe4 e6 15.
Re2 Bd7 16. Rae1 b5 17. Qc2 Nb4 18. Qd2 a5 19. a3 Na6 20. Qxa5 Nc5 21. Qc3 bxc4
22. Qxc4 Nb7 23. b4 Qh5 24. Qb3 Rab8 25. Nd2 c5 26. d5 e5 27. Bf3 Qh3 28. Bg2
Qh5 1/2-1/2

[Event "XXX Festival A"]
[Site "Arco ITA"]
[Date "2008.10.22"]
[Round "5"]
[White "Bonini, Roberto"]
[Black "Savarese, Vincenzo"]
[Result "1-0"]
[WhiteElo "1843"]
[BlackElo "1821"]
[PlyCount "71"]
[EventDate "2008.10.18"]

1. e4 d5 2. exd5 Qxd5 3. h3 Nf6 4. Nf3 Bf5 5. Nc3 Qd6 6. d4 Nc6 7. a3 O-O-O 8.
Be3 Nd5 9. Nxd5 Qxd5 10. c4 Qd6 11. Be2 Qg6 12. Nh4 Bc2 13. Nxg6 Bxd1 14. Nxh8
Bxe2 15. Kxe2 f6 16. Rhd1 e6 17. f4 Be7 18. Nf7 Rf8 19. Ne5 fxe5 20. dxe5 Na5
21. Rac1 c5 22. Rd3 b6 23. g3 h5 24. Kd2 b5 25. b3 bxc4 26. bxc4 Kc7 27. Kc3
Rb8 28. Rcd1 Rb3+ 29. Kc2 Rxd3 30. Kxd3 Kc6 31. g4 h4 32. g5 Nb3 33. Rb1 Nd4
34. Bxd4 cxd4 35. a4 Bc5 36. Rb8 1-0

[Event "XXX Festival A"]
[Site "Arco ITA"]
[Date "2008.10.22"]
[Round "5"]
[White "Bortolotti, Silvano"]
[Black "Morselli, Stefano"]
[Result "0-1"]
[WhiteElo "1826"]
[BlackElo "1901"]
[PlyCount "62"]
[EventDate "2008.10.18"]

1. e4 g6 2. Nc3 Bg7 3. Bc4 d6 4. Nge2 Nf6 5. d4 O-O 6. O-O Nxe4 7. Bxf7+ Rxf7
8. Nxe4 Nc6 9. c3 e5 10. Bg5 Qe8 11. d5 Ne7 12. Qd2 Nf5 13. N2g3 h6 14. Be3 Qe7
15. Rae1 Bd7 16. Nxf5 gxf5 17. Ng3 Bb5 18. Bxh6 Bxf1 19. Bg5 Qf8 20. Kxf1 f4
21. Nh5 Bh6 22. Bxh6 Qxh6 23. g4 Qg6 24. f3 Rh7 25. Qg2 Kf7 26. Qh3 Rah8 27.
Re2 Qd3 28. Qh4 Qxf3+ 29. Rf2 Rxh5 30. gxh5 Qd1+ 31. Kg2 Rg8+ 0-1

[Event "XXX Festival A"]
[Site "Arco ITA"]
[Date "2008.10.22"]
[Round "5"]
[White "Buck, Klaus-Michael"]
[Black "Dieli, Riccardo"]
[Result "1-0"]
[WhiteElo "1804"]
[BlackElo "1943"]
[PlyCount "55"]
[EventDate "2008.10.18"]

1. b4 e5 2. a3 d5 3. Bb2 Bd6 4. e3 Nf6 5. Nf3 Bg4 6. Be2 Nbd7 7. h3 Bh5 8. O-O
O-O 9. Nc3 c6 10. d3 Rc8 11. Nd2 Bxe2 12. Qxe2 Bb8 13. e4 Re8 14. Rac1 Re6 15.
Nf3 h6 16. Rfd1 Nh5 17. g3 Rg6 18. Kh2 Rf6 19. exd5 Nf4 20. gxf4 Rxf4 21. Rg1
Rxf3 22. Ne4 Rf4 23. Rg3 cxd5 24. Rcg1 g6 25. Qh5 Qh4 26. Rxg6+ fxg6 27. Qxg6+
Kf8 28. Qg8+ 1-0

[Event "XXX Festival A"]
[Site "Arco ITA"]
[Date "2008.10.22"]
[Round "5"]
[White "Buglisi, Massimo"]
[Black "Coqueraut, Lodewyk"]
[Result "0-1"]
[WhiteElo "1969"]
[BlackElo "1869"]
[PlyCount "68"]
[EventDate "2008.10.18"]

1. d4 d6 2. c4 e6 3. Nc3 Nd7 4. e4 b6 5. Bd3 Bb7 6. Nge2 g6 7. Qc2 Bg7 8. Be3
a6 9. b4 Ne7 10. O-O h6 11. a4 c5 12. bxc5 dxc5 13. d5 exd5 14. exd5 Ne5 15.
Rab1 O-O 16. Bxc5 Nxd3 17. Qxd3 b5 18. axb5 Re8 19. Bd4 Nf5 20. Bxg7 Kxg7 21.
Nd4 Bc8 22. b6 Nxd4 23. Qxd4+ Kh7 24. b7 Bxb7 25. Rxb7 Re7 26. Rxe7 Qxe7 27. d6
Qe6 28. c5 Rc8 29. Nd5 h5 30. Ne7 Rd8 31. Rd1 Rb8 32. c6 Qb3 33. c7 Rb4 34.
Qxb4 Qxd1+ 0-1

[Event "XXX Festival A"]
[Site "Arco ITA"]
[Date "2008.10.22"]
[Round "5"]
[White "Buratti, Marco"]
[Black "Coqueraut, Jean Dominique"]
[Result "1-0"]
[WhiteElo "2017"]
[BlackElo "1892"]
[PlyCount "107"]
[EventDate "2008.10.18"]

1. e4 d6 2. d4 Nf6 3. Nc3 c6 4. Nf3 g6 5. Bd3 Bg7 6. O-O a6 7. a4 Nbd7 8. e5
dxe5 9. dxe5 Nd5 10. Re1 Nxc3 11. bxc3 Nc5 12. a5 Nxd3 13. cxd3 O-O 14. Be3 Bg4
15. Bb6 Qd5 16. Rb1 Bxf3 17. Qxf3 Qxf3 18. gxf3 e6 19. Bc7 Ra7 20. d4 Rc8 21.
Bb6 Raa8 22. Bc5 Rc7 23. Rb6 Bf8 24. Bxf8 Kxf8 25. Reb1 Ra7 26. Kf1 c5 27. Ke2
cxd4 28. cxd4 Rc2+ 29. Ke3 Ra2 30. Rc1 Rxa5 31. Rc8+ Kg7 32. Rc7 Rb5 33. Rxe6
Ra8 34. Ree7 Rf8 35. Ke4 a5 36. d5 Rb4+ 37. Kd3 Rb3+ 38. Ke4 Rb4+ 39. Ke3 g5
40. e6 Kg6 41. Rxf7 Rxf7 42. Rxf7 a4 43. Rc7 a3 44. e7 Kf7 45. d6 a2 46. Rc8
Rb3+ 47. Ke4 Rb4+ 48. Kf5 Rb5+ 49. Kg4 Re5 50. Rf8+ Kg7 51. Ra8 Kf7 52. d7 a1=Q
53. e8=Q+ Rxe8 54. dxe8=Q+ 1-0

[Event "XXX Festival A"]
[Site "Arco ITA"]
[Date "2008.10.22"]
[Round "5"]
[White "Caldara, Sisto"]
[Black "Casagrande, Fabio"]
[Result "1-0"]
[WhiteElo "1868"]
[BlackElo "2017"]
[PlyCount "41"]
[EventDate "2008.10.18"]

1. d4 Nf6 2. Nf3 e6 3. e3 c5 4. c3 b6 5. Bd3 Bb7 6. Nbd2 cxd4 7. exd4 Be7 8.
O-O d6 9. Re1 Nbd7 10. Qe2 Qc7 11. Ng5 Nf8 12. Nf1 h6 13. Nf3 O-O-O 14. a4 a5
15. b4 Nd5 16. Bd2 g5 17. Rec1 Nf4 18. Bxf4 gxf4 19. bxa5 bxa5 20. Rab1 Rg8 21.
Ba6 1-0

[Event "XXX Festival A"]
[Site "Arco ITA"]
[Date "2008.10.22"]
[Round "5"]
[White "Cardili, Mariano"]
[Black "Vezzosi, Paolo"]
[Result "0-1"]
[WhiteElo "2123"]
[BlackElo "2337"]
[PlyCount "60"]
[EventDate "2008.10.18"]

1. d4 Nf6 2. c4 e6 3. Nc3 Bb4 4. e3 b6 5. Nf3 Bb7 6. Bd3 O-O 7. O-O d5 8. Qe2
Nbd7 9. Rd1 Ne4 10. Bd2 Nxd2 11. Rxd2 f5 12. a3 Bd6 13. cxd5 exd5 14. Ba6 Qc8
15. Bxb7 Qxb7 16. Rc1 a6 17. Ne5 Nf6 18. f4 Rad8 19. b4 g6 20. b5 Ra8 21. bxa6
Qxa6 22. Qxa6 Rxa6 23. a4 Ne4 24. Nxe4 fxe4 25. Ra2 Rfa8 26. Rc6 Kf8 27. Ng4
Ke7 28. f5 gxf5 29. Nh6 Kd7 30. Rc1 f4 0-1

[Event "XXX Festival A"]
[Site "Arco ITA"]
[Date "2008.10.22"]
[Round "5"]
[White "Castellano, Alfonso"]
[Black "Diotallevi, Maurizio"]
[Result "1/2-1/2"]
[WhiteElo "1967"]
[BlackElo "2101"]
[PlyCount "51"]
[EventDate "2008.10.18"]

1. c4 e6 2. Nc3 d5 3. g3 Nf6 4. Nf3 c6 5. d4 Nbd7 6. Bg2 dxc4 7. O-O Be7 8. a4
a5 9. e4 O-O 10. Qe2 Nb6 11. Rd1 Re8 12. Ne5 Bd7 13. Be3 Qc7 14. Nxc4 Nxc4 15.
Qxc4 Qb6 16. Qe2 Qa6 17. Qf3 Rad8 18. g4 Bc8 19. Bf1 Qa8 20. Bd3 Qb8 21. Bf4
Qa7 22. g5 Nd7 23. Bc7 Qxd4 24. Qg3 e5 25. Bc2 Qc5 26. h4 1/2-1/2

[Event "XXX Festival A"]
[Site "Arco ITA"]
[Date "2008.10.22"]
[Round "5"]
[White "Cavatorta, Fosco"]
[Black "Paggiaro, Luca"]
[Result "0-1"]
[WhiteElo "1923"]
[BlackElo "2049"]
[PlyCount "74"]
[EventDate "2008.10.18"]

1. Nf3 Nf6 2. d4 g6 3. Nbd2 Bg7 4. e4 d6 5. c3 O-O 6. Bd3 Nbd7 7. O-O e5 8. Re1
Nh5 9. Bf1 Qe8 10. a4 Kh8 11. Rb1 f5 12. dxe5 Nxe5 13. Nxe5 Qxe5 14. Nf3 Qf6
15. Bg5 Qf7 16. Qd2 fxe4 17. Rxe4 Nf6 18. Rb4 a5 19. Rf4 Bf5 20. Re1 Rae8 21.
Nd4 Ne4 22. Rexe4 Rxe4 23. Rxe4 Bxe4 24. f3 Bd5 25. Nb5 Bc4 26. Nd4 Bxf1 27.
Kxf1 Re8 28. Kf2 Qd5 29. Nb5 Qc4 30. g3 Qxa4 31. Nxc7 Re5 32. Bf4 Re7 33. Nd5
Re8 34. Be3 Qc6 35. Bd4 Be5 36. Nf6 Rf8 37. Ng4 Qxf3+ 0-1

[Event "XXX Festival A"]
[Site "Arco ITA"]
[Date "2008.10.22"]
[Round "5"]
[White "Collato, Luca"]
[Black "Spornberger, Maximilian"]
[Result "0-1"]
[WhiteElo "1848"]
[BlackElo "2023"]
[PlyCount "92"]
[EventDate "2008.10.18"]

1. e4 d5 2. exd5 Nf6 3. d4 Nxd5 4. c4 Nb6 5. Nf3 g6 6. Nc3 Bg7 7. Be2 O-O 8.
O-O Nc6 9. d5 Ne5 10. Nxe5 Bxe5 11. Qb3 e6 12. Be3 exd5 13. Nxd5 Nxd5 14. Rfd1
Bxh2+ 15. Kxh2 Qh4+ 16. Kg1 Nxe3 17. Qxe3 Be6 18. Rd4 Qf6 19. Rad1 Rfe8 20. Qf3
Qxf3 21. Bxf3 c6 22. b3 Kf8 23. c5 Ke7 24. b4 Rad8 25. a3 Rxd4 26. Rxd4 Rd8 27.
Rxd8 Kxd8 28. Kf1 Bd5 29. Bd1 Ke7 30. g3 Bc4+ 31. Ke1 Ke6 32. Kd2 Ke5 33. Ke3
f5 34. f4+ Ke6 35. Kd4 Bd5 36. Be2 a6 37. Bd1 h6 38. g4 Kf6 39. Be2 Be6 40.
gxf5 Kxf5 41. Bd3+ Kf6 42. a4 Bb3 43. Bxa6 bxa6 44. b5 cxb5 45. a5 h5 46. c6 h4
0-1

[Event "XXX Festival A"]
[Site "Arco ITA"]
[Date "2008.10.22"]
[Round "5"]
[White "De Andres Gonalons, Fernando"]
[Black "Kofler, Albin"]
[Result "1-0"]
[WhiteElo "2092"]
[BlackElo "1724"]
[PlyCount "103"]
[EventDate "2008.10.18"]

1. d4 d5 2. c4 c6 3. Nf3 Bf5 4. Nc3 Nf6 5. Qb3 Qb6 6. cxd5 Qxb3 7. axb3 cxd5 8.
Bf4 e6 9. Nb5 Bb4+ 10. Nd2 Na6 11. f3 O-O 12. Rc1 Rac8 13. Nc3 Rc6 14. Kd1 Rfc8
15. Ndb1 Ba5 16. g4 Bg6 17. h4 h6 18. g5 Nh5 19. Bd2 Bxc3 20. bxc3 Ng3 21. Rg1
Nxf1 22. Rxf1 hxg5 23. hxg5 Bxb1 24. Rxb1 b5 25. Ra1 Ra8 26. Ra5 Nc7 27. e3 f6
28. gxf6 gxf6 29. Ke2 Kf7 30. Rh1 a6 31. Rh7+ Kg6 32. Rh2 Rg8 33. Rg2+ Kf7 34.
Rxg8 Kxg8 35. Kd3 Kf7 36. e4 Ne8 37. Ra1 Ng7 38. Bf4 f5 39. exd5 exd5 40. Be5
Ne8 41. Rh1 Rg6 42. Ke3 Rc6 43. Kd3 a5 44. Rh7+ Ke6 45. Ra7 b4 46. c4 dxc4+ 47.
bxc4 Rb6 48. Rxa5 b3 49. Rb5 Rxb5 50. cxb5 Nd6 51. Bxd6 Kxd6 52. Kc3 1-0

[Event "XXX Festival A"]
[Site "Arco ITA"]
[Date "2008.10.22"]
[Round "5"]
[White "De Eccher, Stefano"]
[Black "Astengo, Corrado"]
[Result "1/2-1/2"]
[WhiteElo "2263"]
[BlackElo "2172"]
[PlyCount "41"]
[EventDate "2008.10.18"]

1. e4 e6 2. d4 d5 3. Nc3 Nf6 4. e5 Nfd7 5. Nf3 c5 6. dxc5 Bxc5 7. Bf4 Nc6 8.
Bd3 a6 9. Qe2 Qa5 10. O-O Nb4 11. Rfe1 Nxd3 12. cxd3 O-O 13. Rac1 b5 14. Nxd5
exd5 15. e6 Qb6 16. exd7 Bxd7 17. Qd2 Rfe8 18. b4 Bf8 19. Be3 Qg6 20. Ne5 Qf5
21. Nxd7 1/2-1/2